000 00470nam a2200181Ia 4500
001 21226
005 20260306172904.0
008 260306t2014||||xx |||||||||||||| ||spa||
041 _aESP
082 _a344.2
_bV67
100 _aVillegas Paiva, Elky Alexander
_eAUT
245 0 _aLos delitos culposos y el dolo eventual:
_ben la jurisprudencia
260 _c2014
300 _a209 páginas :
_c24 cm.
650 _aGEN
654 _aCDE
942 _cLIB
_dJUS
_fJUS
_2ddc
_n
999 _c21226
_d21226